000 02673nam0a2200421 i 4500
001 RU\NLR\BIBL_A\010654901
005 20260406074005.0
010 _a9785919120100
_91000
021 _aRU
_b14-91070
035 _a(NILC)RuMoRGB-007832875
035 _a(NLR Aleph) 010654901
090 _a10721858
_c10721858
100 _a20150129d2014 km y0rusy50 ca
101 0 _arus
_deng
_erus
_eeng
102 _aRU
105 _aa|||z|||000yy
200 1 _aНаучно-образовательный потенциал региона
_dScientific-educational potential of a region
_fФ.С. Файзуллин, М.Т. Шафиков, Т.Ф. Файзуллин, Л.Н. Тимирова
_gАкад. наук Респ. Башкортостан, ФГБОУ ВПО "Уфим. гос. авиац. техн. ун-т"
_zeng
210 _aУфа
_cАк Идель Пресс
_d2014
215 _a153 с.
_cил.
_d21
300 _aАвт. также на англ. яз.: F. Fayzullin, M. Shafikov, T. Fayzullin, L. Timirova
300 _aНа 4-й с. обл. авт.: Файзуллин Фаниль Саитович, акад. Акад. наук Респ. Башкортостан [и др.], д.филос.н., проф., засл. работник высш. шк. Рос. Федерации, Шафиков Мунир Тагдилович, д.филос.н., Файзуллин Тагир Фанилевич, к.социол.н., Тимирова (Воронова) Лия Наилевна, к.социол.н.
300 _aРез. на англ. яз.
320 _aБиблиогр.: с. 142-148 (70 назв.)
510 1 _aScientific-educational potential of a region
_zeng
606 _aВысшее образование
_yБашкортостан, Республика
_92184732
_3RU\NLR\AUTH\661313562
606 1 _aНаука
_yБашкортостан, Республика
_92102840
_3RU\NLR\AUTH\661271588
686 1 _aЧ484(2Р-6Баш)
686 1 _aЧ214(2Р-6Б)
701 1 _8rus
_7ca
_aФайзуллин
_bФ. С.
_f1942-
_gФаниль Саитович
_3RU\NLR\AUTH\7718595
_91671
701 1 _aШафиков
_bМ. Т.
_f1958-
_gМунир Тагдилович
701 1 _aФайзуллин
_bТ. Ф.
_gТагир Фанилевич
701 1 _aТимирова
_bЛ. Н.
_cканд. социол. наук
_gЛия Наилевна
_3RU\NLR\AUTH\770141731
_9141695
801 0 _aRU
_bРГБ
_c20141203
_gRCR
801 1 _aRU
_bРГБ
_c20141203
_2rusmarc
942 _cBOOK
980 _aNBR